banner koha

Acclimatization of banana plantlets inoculated with Bacillus sp. and irrigated with low-salinity water (Registro n. 332282)

MARC details
000 -LÍDER
fixed length control field 03274nab a2200373 i 4500
003 - CÓDIGO MARC DA AGÊNCIA CATALOGADORA
Campo de controle BR-BrBNA
005 - DATA E HORA DA ÚLTIMA ATUALIZAÇÃO
Campo de controle 20250627165348.0
008 - CAMPO DE TAMANHO FIXO
fixed length control field 250627b2023 bl.mr|pooa||| 00| 0 eng |
040 ## - FONTE DA CATALOGAÇÃO
Agência catalogadora BR-BrBNA
Idioma da catalogação eng
072 ## - CATEGORIA AGRIS
Código AGRIS F06
Código do objeto 1112
072 ## - CATEGORIA AGRIS
Código AGRIS F61
072 ## - CATEGORIA AGRIS
Código AGRIS P34
100 ## - ENTRADA PRINCIPAL - NOME PESSOAL
Nome pessoal Rodrigues, Ana J. O.
100 ## - ENTRADA PRINCIPAL - NOME PESSOAL
Nome pessoal Silva, Christiana de F. B. da
100 ## - ENTRADA PRINCIPAL - NOME PESSOAL
Nome pessoal Sousa, Alan B. O. de
100 ## - ENTRADA PRINCIPAL - NOME PESSOAL
Nome pessoal Bezerra, Marlos A.
100 ## - ENTRADA PRINCIPAL - NOME PESSOAL
Nome pessoal Araújo, Beatriz de A.
100 ## - ENTRADA PRINCIPAL - NOME PESSOAL
Nome pessoal Rodrigues, Amadeus M. G.
100 ## - ENTRADA PRINCIPAL - NOME PESSOAL
Nome pessoal Vieira, Júlia Q.
100 ## - ENTRADA PRINCIPAL - NOME PESSOAL
Nome pessoal Sousa, Jhenifer S. de
245 ## - TÍTULO PRINCIPAL
Título principal Acclimatization of banana plantlets inoculated with Bacillus sp. and irrigated with low-salinity water
500 ## - NOTA GERAL
Nota geral Publicação on-line; 30 ref.; 2 illus; 5 tables; Sumaries (En, Pt)
942 ## - ADDED ENTRY ELEMENTS (KOHA)
Koha item type Analítica
520 ## - NOTA DE RESUMO
Nota de conteúdo <br/><br/>ABSTRACT: Plant growth-promoting bacteria emerge as an alternative to attenuate abiotic stresses in plants such as salinity. The objective of this study was to evaluate the effects of Bacillus sp. strains 186 and 109 on the acclimatization of banana cv. ‘Prata Catarina’ irrigated with saline water. The experiment was conducted in a completely randomized design in a 4 × 2 factorial scheme, with 4 growth-promotion treatments, subjected to 2 levels of electrical conductivity of irrigation water. Irrigation with saline water decreased the number of leaves, leaf area, transpiration rate, stomatal conductance, and CO2 assimilation rate in banana leaves, regardless of inoculation with bacterial strains. The use of Bacillus sp. strain 109 promoted increments in phosphorus and iron contents in banana plants irrigated with low-salinity water.<br/><br/>Key words: growth-promoting bacteria, nutrition, photosynthetic rate
520 ## - NOTA DE RESUMO
Nota de conteúdo <br/><br/>RESUMO: Bactérias promotoras de crescimento vegetal surgem como alternativa para atenuar estresses abióticos em plantas como a salinidade. O objetivo deste estudo foi avaliar os efeitos do Bacillus sp. cepas 186 e 109 na aclimatização da cv. ‘Prata Catarina’ irrigada com água salina. O experimento foi conduzido em delineamento inteiramente casualizado em esquema fatorial 4 × 2, com 4 tratamentos promotores de crescimento, submetidos a 2 níveis de condutividade elétrica da água de irrigação. Irrigação com água salina diminuiu o número de folhas, a área foliar, a taxa de transpiração, a condutância estomática e a taxa de assimilação de CO2 nas folhas de bananeira, independentemente da inoculação com cepas bacterianas. O uso de Bacillus sp. cepa 109 promoveu incrementos nos teores de fósforo e ferro em bananeiras irrigadas com água de baixa salinidade.<br/><br/>Palavras-chave: bactérias promotoras do crescimento, nutrição, taxa fotossintética
650 ## - ASSUNTO - THESAGRO
Cabeçalho tópico ou nome geográfico BANANA
650 ## - ASSUNTO - THESAGRO
Cabeçalho tópico ou nome geográfico INOCULAÇÃO
650 ## - ASSUNTO - THESAGRO
Cabeçalho tópico ou nome geográfico NUTRIÇÃO VEGETAL
650 ## - ASSUNTO - THESAGRO
Cabeçalho tópico ou nome geográfico IRRIGAÇÃO
650 ## - ASSUNTO - THESAGRO
Cabeçalho tópico ou nome geográfico ÁGUA SALINA
773 0# - ENTRADA ANALÍTICA
Host Biblionumber 3534
Registro do item 317833
Imprenta Campina Grande-PB Universidade Federal de Campina Grande. Centro de Ciências e Tecnologia 1997
Outro identificador 2024-4552
Título Revista Brasileira de Engenharia Agrícola e Ambiental (Brazil)
ISSN 1415-4366
Colação v. 27 (5) p. 407-414; (2023)
Número de controle de registro BR2025003379
856 ## - ACESSO E ENDEREÇO ELETRÔNICO
Identificador uniforme de recurso - URI https://www.scielo.br/j/rbeaa/a/HFYQfHkK6mWBNNqGsb8G5ts/?format=pdf&lang=en

Nenhum exemplar disponível.

BINAGRI

Telefone: (61)3218-2567/2388/3357/2097 - binagri@agro.gov.br

Ministério da Agricultura e Pecuária , Esplanada dos Ministérios, Bloco D, Anexo B, Brasília/DF, CEP: 70.043-900